Business Logistics Supply Chain Management (Record no. 12602)

MARC details
000 -LEADER
fixed length control field 00425nam a22001697a 4500
003 - CONTROL NUMBER IDENTIFIER
control field OSt
008 - FIXED-LENGTH DATA ELEMENTS--GENERAL INFORMATION
fixed length control field 240502b |||||||| |||| 00| 0 eng d
020 ## - INTERNATIONAL STANDARD BOOK NUMBER
International Standard Book Number 9788131705841
082 ## - DEWEY DECIMAL CLASSIFICATION NUMBER
Classification number 658.84 BAB
100 ## - MAIN ENTRY--PERSONAL NAME
Personal name BALLOU, Ronald
245 ## - TITLE STATEMENT
Title Business Logistics Supply Chain Management
250 ## - EDITION STATEMENT
Edition statement 5th Ed
260 ## - PUBLICATION, DISTRIBUTION, ETC. (IMPRINT)
Place of publication, distribution, etc New Delhi
Name of publisher, distributor, etc Pearson Education
Date of publication, distribution, etc 2023
300 ## - PHYSICAL DESCRIPTION
Extent 800
700 ## - ADDED ENTRY--PERSONAL NAME
Personal name SRIVASTAVA,Samir K
942 ## - ADDED ENTRY ELEMENTS (KOHA)
Source of classification or shelving scheme Dewey Decimal Classification
Koha item type Text Books
Holdings
Withdrawn status Lost status Source of classification or shelving scheme Damaged status Not for loan Collection code Home library Current library Date acquired Source of acquisition Currency Cost, normal purchase price Bill Number Total Checkouts Full call number Acc. no. / Barcode Date last seen Actual Cost, discounted price Bill Date Koha item type Checked out Date last borrowed
    Dewey Decimal Classification     MBA PIET C-LIBRARY PIET C-LIBRARY 23/03/2024 Zafaa Books and Distributors In rupees 1070.00 ZBD0463   658.7 BAB 36761 02/05/2024 727.60 23/03/2024 Reference Books    
    Dewey Decimal Classification     MBA PIET C-LIBRARY PIET C-LIBRARY 23/03/2024 Zafaa Books and Distributors In rupees 1070.00 ZBD0463   658.7 BAB 36762 02/05/2024 727.60 23/03/2024 Text Books    
    Dewey Decimal Classification     MBA PIET C-LIBRARY PIET C-LIBRARY 23/03/2024 Zafaa Books and Distributors In rupees 1070.00 ZBD0463   658.7 BAB 36763 02/05/2024 727.60 23/03/2024 Text Books    
    Dewey Decimal Classification     MBA PIET C-LIBRARY PIET C-LIBRARY 23/03/2024 Zafaa Books and Distributors In rupees 1070.00 ZBD0463 1 658.7 BAB 36764 29/01/2025 727.60 23/03/2024 Text Books 18/08/2025 29/01/2025
    Dewey Decimal Classification     MBA PIET C-LIBRARY PIET C-LIBRARY 23/03/2024 Zafaa Books and Distributors In rupees 1070.00 ZBD0463   658.7 BAB 36765 02/05/2024 727.60 23/03/2024 Text Books    

Design & Developed by: PIET Central Library
R70 Miles Stone Pattikalyana Samalkha Panipat 132102
mail ID :- [email protected], Phone No:- 0180-2569700 Ex.216